书目信息 |
| 题名: |
王朝的家底
|
|
| 作者: | 波音 著 | |
| 分册: | ||
| 出版信息: | 北京 群言出版社 2016 |
|
| 页数: | 219页 | |
| 开本: | 23cm | |
| 丛书名: | ||
| 单 册: | ||
| 中图分类: | F832.92 , F832 | |
| 科图分类: | ||
| 主题词: | 金融--jin rong--经济史--中国--古代 | |
| 电子资源: | ||
| ISBN: | 978-7-5193-0094-4 | |
| 000 | 01071nam0 2200265 450 | |
| 001 | 1671357645 | |
| 005 | 20160825113156.2 | |
| 010 | @a978-7-5193-0094-4@dCNY29.80 | |
| 100 | @a20160825d2016 em y0chiy50 ea | |
| 101 | 0 | @achi |
| 102 | @aCN@b110000 | |
| 105 | @ay z 000yy | |
| 106 | @ar | |
| 200 | 1 | @a王朝的家底@Awang chao de jia di@e从经济学角度看中国历史@f波音著 |
| 210 | @a北京@c群言出版社@d2016 | |
| 215 | @a219页@d23cm | |
| 330 | @a对历史的解读,一千个人有一千种说法。经济基础决定上层建筑,对于历史这间大房子,经济就是它的地基。仔细倾听大房子里面铜钱、银锭落地的叮当之声,我们会对历史有更深入的了解、更清醒的认识。本书通过对先秦至清中期金融史的梳理,来为广大读者解读货币对推动历史和社会发展的重要作用,用最简单通俗方式来诠释货币与古代中国经济发展的关系。 | |
| 333 | @a大众读者 | |
| 517 | 1 | @a从经济学角度看中国历史@Acong jing ji xue jiao du kan zhong guo li shi |
| 606 | 0 | @a金融@Ajin rong@x经济史@y中国@z古代 |
| 690 | @aF832.92@v5 | |
| 690 | @aF832@v4 | |
| 701 | 0 | @a波音@Abo yin@4著 |
| 801 | 0 | @aCN@b江苏新华@c20150511 |
| 905 | @aBZT@dF832@e16 | |
| 王朝的家底:从经济学角度看中国历史/波音著.-北京:群言出版社,2016 |
| 219页;23cm |
| 使用对象:大众读者 |
| ISBN 978-7-5193-0094-4:CNY29.80 |
| 对历史的解读,一千个人有一千种说法。经济基础决定上层建筑,对于历史这间大房子,经济就是它的地基。仔细倾听大房子里面铜钱、银锭落地的叮当之声,我们会对历史有更深入的了解、更清醒的认识。本书通过对先秦至清中期金融史的梳理,来为广大读者解读货币对推动历史和社会发展的重要作用,用最简单通俗方式来诠释货币与古代中国经济发展的关系。 |
| ● |
| 相关链接 |
|
|
|
正题名:王朝的家底
索取号:F832/16
 
预约/预借
| 序号 | 登录号 | 条形码 | 馆藏地/架位号 | 状态 | 备注 |
| 1 | 800136 | 2000800136 | 第二书库/ [索取号:F832/16] | 在馆 | |
| 2 | 800137 | 2000800137 | 第二书库/ [索取号:F832/16] | 在馆 | |
| 3 | 800138 | 2000800138 | 第二书库/ [索取号:F832/16] |
已借出,限还日期为2026.04.22 借出人:王翔增 |